The Hydraulic Handbook

Salvato in:
Dettagli Bibliografici
Autori principali: Hunt, T. (Autore), Vaughan, N. (Autore)
Natura: Libro
Lingua:inglese
Pubblicazione: Lidlington : Elsevier, 1996
Edizione:1. Edition
Tags: Aggiungi Tag
Nessun Tag, puoi essere il primo ad aggiungerne!!

MARC

LEADER 00000nam a22000003a 4500
001 stu55014
005 20150617225658.6
008 000914s1996----uk------------------eng-d
020 |a 1-85617-250-3 
040 |a STU  |b slo 
041 0 |a eng 
044 |a uk 
080 |a 532 
100 1 |a Hunt, T.  |4 aut 
245 1 |a The Hydraulic Handbook 
250 |a 1. Edition 
260 |a Lidlington :  |b Elsevier,  |c 1996 
300 |a 742 s 
700 1 |a Vaughan, N.  |4 aut 
996 |b 284J002857  |c J*97109  |l JJK5  |s P  |a 0  |w stu55014_0001